| 000 | 00774cab a2200229 4500 | ||
|---|---|---|---|
| 001 | ABS44790 | ||
| 008 | 090401t1991 xxu||||| |||| 00| 0 eng d | ||
| 035 | _a(Sirsi) u49071 | ||
| 041 | _aeng | ||
| 100 | _aGough, T. | ||
| 245 | _aBuilding contracts and insurance | ||
| 260 | _c1991 | ||
| 350 | _a0 | ||
| 490 |
_aChurch Building _v(18) Summer 1991, 10-11(2) |
||
| 520 | _aDiscusses recent law case William Tomkinson & Sons Ltd v The Parochial Church Council of St Michael & Others concerned with interpretation of insurance clauses in building contracts. | ||
| 650 | _aJCT AGREEMENT FOR MINOR WORKS (1980 EDITION) | ||
| 650 | _aCHURCHES | ||
| 650 | _aUNDER-INSURANCE | ||
| 690 | _aBUILT ENVIRONMENT-BUILDING CONTRACT FORMS | ||
| 942 | _n0 | ||
| 948 | _c04/03/1997 | ||
| 999 |
_c30743 _d30743 |
||